| 000 | 01357nam a22002057a 4500 | ||
|---|---|---|---|
| 999 |
_c59108 _d59108 |
||
| 003 | Ge_BSU | ||
| 005 | 20221125152321.0 | ||
| 008 | 221125s1978ge xxu||||| |||| 00| 0 geo d | ||
| 041 | _ageo | ||
| 080 | _a821.353.1-1 ქ-27 | ||
| 245 |
_aქართველი რომანტიკოსები : _bლექსები / _cალექსანდრე ჭავჭავაძე, გრიგოლ ორბელიანი, ნიკოლოზ ბარათაშვილი ; შემდგ., შენიშვნების და კომენტარების ავტ. ნ. ალანია და ი. ლოლაშვილი ; შესავალი წერილის ავტ. ს. ხუციშვილი |
||
| 264 |
_aთბილისი, _c1978. |
||
| 300 |
_a255 გვ. ; _b 21 სმ. |
||
| 440 |
_aმსოფლიო ლიტერატურის ბიბლიოთეკა ; ტ. 62 _916111 |
||
| 653 | _aრომანტიზმი ქართული ლიტერატურა. | ||
| 700 |
_aალანია, ნ _eავტორი _916112 |
||
| 700 |
_aლოლაშვილი, ი _eავტორი _97349 |
||
| 700 |
_aხუციშვილი, ს. _eშესავალი წერილის ავტორი _913559 |
||
| 942 |
_2udc _cBK |
||